Statistics for Nunavut Territory Quiz

Click here to take the quiz!

General Stats

  • This quiz has been taken 79 times
  • The average score is 13 of 19

Answer Stats

ClueAnswer% Correct
Largest islands by surface areaBaffin
94%
Bay between Nunavut and Ontario{Hudson} Bay
92%
Dominant indigenous peopleInuit
92%
Capital cityIqaluit
90%
Those people's snow house nameIgloo
90%
Only about 31% of the population
speaks this language
English
85%
T word that refers to the type
of climate Nunavut mostly has
Tundra
83%
Bordering provinceManitoba
81%
Largest islands by surface areaEllesmere
79%
Alert is world's ______most
permanently inhabited place
Northern
77%
Nunavut became a territory
in this year
1999
69%
Name one of the country
subdivisions in the world, that are
larger than Nunavut in area
Sakha | Greenland |
Western Australia |
Krasnoyarsk Krai
65%
Largest islands by surface areaVictoria
65%
Sport played by Jordin TootooIce Hockey
54%
Nettilling is world's largest ____
located on an island
Lake
46%
What did Jericho formerly mine?Diamond
33%
Northernmost major archipelagoQueen Elizabeth
33%
Former name of the above{Frobisher} Bay
27%
There are none of these types
of paths in Nunavut
Sidewalks
21%

Score Distribution

Percentile by Number Answered

Percent of People with Each Score

Your Score History

You have not taken this quiz